Trombinoscope - Drapeaux du monde - Statistiques

Statistiques générales
  • Ce quiz a été pris 1 280 fois
  • Le résultat moyen est 99 sur 196
Statistiques - réponses
Hint Réponse % Correct
Afrique du Sud
94%
Albanie
92%
Allemagne
90%
Algérie
88%
Argentine
81%
Belgique
77%
Australie
75%
Arabie Saoudite
74%
Brésil
73%
Canada
72%
Chypre
71%
Afghanistan
70%
Autriche
69%
Espagne
68%
Chine
68%
France
67%
Corée du Sud
67%
États-Unis
67%
Andorre
66%
Angola
66%
Japon
65%
Inde
64%
Bangladesh
64%
Israël
64%
Grèce
64%
Italie
64%
Bosnie-Herzégovine
63%
Bhoutan
63%
Danemark
63%
Géorgie
62%
Finlande
62%
Croatie
61%
Mexique
61%
Royaume-Uni
60%
Liban
60%
Jamaïque
60%
Portugal
60%
Maroc
60%
Barbade
59%
Biélorussie
59%
Islande
59%
Russie
59%
Corée du Nord
59%
Suisse
59%
Turquie
58%
Népal
58%
Égypte
58%
Suède
58%
Ukraine
58%
Nouvelle-Zélande
58%
Macédoine du Nord
57%
Estonie
57%
Arménie
57%
Norvège
57%
Luxembourg
57%
Côte d'Ivoire
56%
Irlande
56%
Kosovo
56%
Cambodge
56%
Kenya
56%
Chili
56%
Colombie
55%
Hongrie
55%
Pays-Bas
55%
Kazakhstan
54%
Uruguay
54%
Malte
54%
Cuba
54%
Vatican
54%
Serbie
53%
Viêt Nam
53%
Éthiopie
53%
Azerbaïdjan
53%
Bulgarie
53%
États Fédérés de Micronésie
52%
Madagascar
52%
Panama
52%
Tunisie
52%
Antigua-et-Barbuda
52%
Qatar
52%
Sri Lanka
52%
Venezuela
51%
Bahamas
51%
Iran
51%
Lettonie
51%
Slovénie
51%
Bahreïn
51%
République Tchèque
51%
Nigeria
51%
Pérou
51%
Saint-Marin
51%
Pakistan
51%
Botswana
50%
Mongolie
50%
Haïti
50%
Philippines
49%
Papouasie-Nouvelle- Guinée
49%
Cap-Vert
49%
Équateur
49%
Seychelles
49%
Singapour
49%
Burundi
48%
Niger
48%
Sainte-Lucie
48%
Roumanie
48%
Fidji
48%
Laos
48%
Malaisie
48%
Liechtenstein
48%
Liberia
48%
Slovaquie
47%
Ouganda
47%
Monténégro
47%
Somalie
47%
Lituanie
47%
Mauritanie
46%
Taïwan
46%
Sénégal
46%
Belize
46%
Costa Rica
46%
Brunei
46%
Palaos
46%
Pologne
46%
Eswatini
45%
Birmanie
45%
Moldavie
45%
Irak
45%
République Dominicaine
44%
Paraguay
44%
Libye
44%
Thaïlande
44%
République Démocratique du Congo
44%
Koweït
43%
Djibouti
43%
Kirghizistan
43%
Lesotho
43%
République Centrafricaine
43%
Cameroun
43%
Émirats Arabes Unis
42%
Burkina Faso
42%
Ghana
42%
Tchad
42%
Bolivie
42%
Comores
42%
Honduras
42%
Malawi
41%
Kiribati
41%
Grenade
41%
Tonga
41%
Ouzbékistan
41%
Mozambique
41%
Maldives
40%
Maurice
40%
Zambie
40%
République du Congo
40%
Tanzanie
40%
Guatemala
40%
Dominique
40%
Érythrée
40%
Gambie
39%
Oman
39%
Guyana
39%
Monaco
39%
Turkménistan
38%
Zimbabwe
38%
Gabon
38%
Samoa
37%
Yémen
37%
Syrie
37%
Bénin
37%
Rwanda
37%
Trinité-et-Tobago
37%
Namibie
37%
Sierra Leone
36%
Guinée-Bissau
36%
Timor Oriental
36%
Indonésie
36%
Guinée Équatoriale
36%
Saint-Vincent-et-les-Grenadines
36%
Togo
36%
Suriname
36%
Soudan du Sud
35%
Salvador
34%
Tadjikistan
34%
Vanuatu
34%
Nauru
34%
Jordanie
34%
Sao Tomé-et-Principe
33%
Mali
33%
Guinée
32%
Soudan
32%
Îles Marshall
32%
Tuvalu
31%
Nicaragua
31%
Saint-Christophe- et-Niévès
30%
Îles Salomon
30%
Aucun quiz correspondant
Distribution des résultats
% des personnes avec chaque résultat
Percentile par nombre de réponses
Votre historique - résultats
Vous n’avez pas pris ce quiz